000 00452nam a2200181Ia 4500
001 4277
005 20260306145744.0
008 260306t2003||||xx |||||||||||||| ||spa||
041 _aESP
082 _a320.1
_bN28
100 _aNavarro-Valls, Rafael
_eAUT
245 0 _aEstado y religión:
_btextos para una reflexión crítica
260 _c2003
300 _a475 páginas :
_c21 cm.
650 _aGEN
654 _aCDE
942 _cLIB
_dJUS
_fJUS
_2ddc
_n
999 _c4277
_d4277